000 00628nam a2200181 4500
001 108586
003 ES-MaACL
005 20230906184652.0
007 t|
008 061121s1917 xxk r ||||1| eng d
100 1 _aMontessori, María.
_982611
245 1 4 _aThe advanced Montessori Method
_b: I Spontaneous activity in education /
_cby María Montessori; traslated from the italian by Florence Simmonds and Lily Hutchinsons.
260 _aLondon :
_bWilliam Heinemann,
_c1917.
300 _a358 p. ;
_c21 cm.
700 1 _aSimmonds, Florence.
_9106484
700 1 _aHutchinsons, Lily.
_964837
852 _aES-MaACL
_jB-13616
999 _c108586
_d108586